000 01268cam a2200241 4500
001 J128920
008 050303n2004 000 0 eng u
035 _a(Sirsi) u128920
050 _a346.4104343
_c18
100 _aCrosby, Neil
245 _aMonitoring the 2002 code of practice for commercial leases
_binterim report
260 _aReading
_bUniversity of Reading
_c2004
520 _aInterim report on research, carried out by Reading University on behalf of the ODPM, into the success of the voluntary "A code of practice for commercial leases in England and Wales" (ISBN 1842190989) in making lease market fairer and more flexible. The research shows shows that many business tenants are still subject to upward only rent review provisions and other restrictions. View at www.reading.ac.uk/crer/.
590 _aKA
650 _aCODE FOR LEASING BUSINESS PREMISES IN ENGLAND AND WALES
650 _aUPWARD ONLY RENT REVIEWS
690 _aLANDLORD AND TENANT-BUSINESS TENANCIES
700 _aHughes, Cathy
700 _aMurdoch, Sandi
710 _aUniversity of Reading
_bCentre for Real Estate Research
_94678
856 _uhttps://www.reading.ac.uk/rep/leasefinal.pdf
_zView the interim report on the University of Reading website...
942 _n0
999 _c104038
_d104038